Представление документа в формате RUSMARC

Поле Инд. ПП Название Значение
Тип записи a
Библиографический уровень a
001 Контрольный номер 985c33da1ebe4540b67127968981dbd2
005 Дата корректировки 20181124200615.4
100 a Данные общей обработки 20181113 ||| 0rusy0189 ca
101 0_ a Язык текста rus
102 a Страна публикации RU
200 1_ f Первые сведения об ответственности Д.Н. Латыпов
a Заглавие Отдельные вопросы защиты вещных прав владельцев самовольных построек. Обзор арбитражной судебной практики
b Общее обозначение материала Текст
210 d Дата издания 2017
461 _0 1 2000
a Закон и право
463 _0 1 2000
a №11
v С. 44-49
1 2101
d 2017
1 001fe8182aaa0a0482cad02af67e0ab2e35
606 a Основная рубрика Гражданское и торговое право
610 0_ a Ключевые слова ЗАЩИТА ПРАВА СОБСТВЕННОСТИ
a Ключевые слова ИСКОВАЯ ДАВНОСТЬ
a Ключевые слова СРОКИ В ГРАЖДАНСКОМ ПРАВЕ
a Ключевые слова СУДЕБНАЯ ПРАКТИКА
700 _1 a Фамилия Латыпов
b Имя Д.Н.
801 _0 a Страна RU
b Организация РГУП
c Дата составления 20181113
g Правила каталогизации PSBO
801 _1 a Страна RU
b Организация РГУП
c Дата составления 20181113
g Правила каталогизации PSBO
901 t Тип документа b
w Контрольный № источника fe8182aaa0a0482cad02af67e0ab2e35
905 a Дата ввода 20181113